1889 2000 1907 1309 1915 1683 1096 1920 1884 1552 1134 1743 1961 1239 1211 1100 1309 1428 1521 1461 1551 1825 1212 1226 1157 1209 1486 1946 1249 1282 1790 1559 1483 1314 1724 1439 1920 1923 1008 1227 1927 1457 1388 1860 1588 1097 1525 1476 1643 1011 1566 1642 1714 1617 1714 1888 1280 1052 1748 1306 1054 1712 1058 1588 1978 1068 1049 1028 1275 1486 1490 1628 1719 1439 1594 1801 1148 1228 1701 1909 1416 1221 1688 1229 1896 1951 1089 1156 1260 1274 1340 1502 1589 1695 1547 1968 1581 1428 1440 BCNSPRNW ULIB Ver.6.0+V

เปลี่ยนเป็นภาษาไทย

Change to English
 แสดงรายละเอียดบรรณานุกรม
  กลับหน้าหลัก

Brief Record : Get Marc (ISO 2709) : E-mail record : QR code < ปิดหน้าต่าง
LEADER : 00000nam 2200000uu 4500
001    13399123673
003     ULIB
008    141104s2557||||th 000 0 tha d
020    ^a9786161120740
060  4 ^aWY101 ^bก275ผ
100 0  ^aกฤตพัทธ์ ฝึกฝน.
245 10 ^aผลลัพธ์การจัดการรายกรณีผู้ป่วยเบาหวานและความดันโลหิตสูง /^cกฤตพัทธ์ ฝึกฝน, ปัฐยาวัชร ปรากฏผล.
250    ^aพิมพ์ครั้งที่ 1
260    ^aนนทบุรี:^bกลุ่มพัฒนาบุคลากร สถาบันพระบรมราชชนก,^c2557.
300    ^a86 หน้า ;^c21 ซม.
650  7 ^aผู้ป่วยโรคเรื้อรัง
650  7 ^aเบาหวาน ^xผู้ป่วย ^xการพยาบาล
650  7 ^aความดันเลือดสูง ^xผู้ป่วย ^xการพยาบาล
700 0  ^aปัฐยาวัชร ปรากฏผล,^eผู้แต่งร่วม.
710 2  ^aสถาบันพระบรมราชชนก. ^bกลุ่มพัฒนาบุคลากร.
945    ^p0^l0^i036687
945    ^p0^l0^i036688
945    ^p0^l0^i036689
945    ^p0^l0^i036690
945    ^p0^l0^i036691
999    ^aเกษร โพธิ์สุวรรณ
รายการนี้ยังไม่มีแท็ก
คุณยังไม่ได้ล็อกอิน คุณสามารถมีกิจกรรมร่วมกับเว็บไซต์ได้ แต่ต้องล็อกอินก่อน ::
  ล็อกอิน

รายการสื่อสารสนเทศ

ลำดับที่ ประเภท เลขเรียก/บาร์โค้ด สถานที่ สถานะ
1. Book การพยาบาล
หนังสือสำรอง
สถานะ=หนังสือสำรอง
WY101 ก275ผ ฉ.1 
  Barcode: 036687
ห้องสมุดวิทยาเขตสวรรค์ประชารักษ์
►ส่วนจัดเก็บหนังสือเก่า สปร
บนชั้น
  ขอยืม
2. Book การพยาบาล
Book การพยาบาล
สถานะ=หนังสือเก่า
WY101 ก275ผ ฉ.2 
  Barcode: 036688
ห้องสมุดวิทยาเขตสวรรค์ประชารักษ์
►ส่วนจัดเก็บหนังสือเก่า สปร
บนชั้น
  ขอยืม
3. Book การพยาบาล
Book การพยาบาล
สถานะ=หนังสือเก่า
WY101 ก275ผ ฉ.3 
  Barcode: 036689
ห้องสมุดวิทยาเขตสวรรค์ประชารักษ์
►ส่วนจัดเก็บหนังสือเก่า สปร
บนชั้น
  ขอยืม
4. Book การพยาบาล
Book การพยาบาล
สถานะ=หนังสือเก่า
WY101 ก275ผ ฉ.4 
  Barcode: 036690
ห้องสมุดวิทยาเขตสวรรค์ประชารักษ์
►ส่วนจัดเก็บหนังสือเก่า สปร
บนชั้น
  ขอยืม
5. Book การพยาบาล
Book การพยาบาล
สถานะ=หนังสือเก่า
WY101 ก275ผ ฉ.5 
  Barcode: 036691
ห้องสมุดวิทยาเขตสวรรค์ประชารักษ์
►ส่วนจัดเก็บหนังสือเก่า สปร
บนชั้น
  ขอยืม

รายการใกล้เคียง
    หัวเรื่อง [ผู้ป่วยโรคเรื้อรัง]

BibComment


ยังไม่เคยถูกคอมเมนท์

คอมเมนท์ทรัพยากรรายการนี้
  คอมเมนท์: ผลลัพธ์การจัดการ..


 Copyright 2026. Bcnsprnw @Library